[Event "Challenge"]
[Site "http://www.queenalice.com/game.php?id=1835950"]
[Date "2024.4.29"]
[Round "-"]
[White "jenyasm"]
[Black "Ricktado"]
[Result "0-1"]
[WhiteElo "1705"]
[BlackElo "1791"]

1. e4 d5 2. e5 f5 3. d4 c5 4. c3 c4 5. g3 e6 6. Bg2 g5 7. Nf3 h6 8. O-O g4 9.
Nh4 Ne7 10. b3 b5 11. bxc4 bxc4 12. Ba3 Rg8 13. Bd6 Ng6 14. Nxg6 Rxg6 15. Bxf8
Kxf8 16. Qc1 h5 17. Na3 a6 18. Nc2 h4 19. Re1 h3 20. Bf1 Nc6 21. f4 gxf3 22.
Bxh3 Qg5 23. Qxg5 Rxg5 24. Re3 Rh5 25. Bf1 f2+ 26. Kg2 Rb8 27. Re2 a5 28. Rxf2
Bd7 29. a3 Ne7 30. h3 Ng6 31. Be2 Rg5 32. Kh2 Ne7 33. Ne3 Rb3 34. Nd1 Ba4 35. h4
Rg7 36. g4 Rf7 37. g5 Rb7 38. Rg2 Bxd1 39. Bxd1 Ng6 40. h5 Nh4 41. Rg3 f4 42.
Rg4 Nf5 43. Rxf4 Ne3 44. Rxf7+ Kxf7 45. Bf3 Rb3 46. Re1 Rxc3 47. a4 Nf5 48. h6
Rxf3 49. h7 Kg7 50. g6 Rg3 51. Rg1 Rxg1 52. Kxg1 c3 0-1

[Event "Challenge"]
[Site "http://www.queenalice.com/game.php?id=1835951"]
[Date "2024.4.29"]
[Round "-"]
[White "steve_sharp"]
[Black "Ricktado"]
[Result "1-0"]
[WhiteElo "1760"]
[BlackElo "1830"]

1. e4 d5 2. exd5 Qxd5 3. Nc3 Qe5+ 4. Nge2 b5 5. d4 Qe6 6. Nxb5 Na6 7. Bf4 Nf6 8.
Nxc7+ Nxc7 9. Bxc7 g5 10. Be5 a6 11. Nc3 Rg8 12. Be2 Bb7 13. f3 Nd7 14. Bg3 Nb6
15. Qd3 h6 16. O-O-O Rd8 17. Rhe1 Na4 18. Nxa4 Qxa2 19. Qc4 Bd5 20. Qxa6 Ra8 21.
Qb5+ Kd8 22. Qb6+ Kc8 23. Qc7# 1-0

[Event "Challenge"]
[Site "http://www.queenalice.com/game.php?id=1835952"]
[Date "2024.4.29"]
[Round "-"]
[White "altair"]
[Black "Ricktado"]
[Result "1-0"]
[WhiteElo "1776"]
[BlackElo "1683"]

1. e4 d5 2. e5 d4 3. d3 c5 4. h3 Nc6 5. Nf3 Qd5 6. Be2 Nxe5 7. Na3 Nxf3+ 8. Bxf3
Qe5+ 9. Be2 a6 10. Nc4 Qe6 11. O-O g6 12. a3 h5 13. c3 b5 14. Nd2 Bh6 15. Ne4
dxc3 16. bxc3 Qd5 17. Re1 Bf5 18. Bf3 O-O-O 19. d4 Bxe4 20. Bxe4 Qc4 21. Qf3 Kc7
22. Bf4+ Bxf4 23. Qxf4+ Rd6 24. Rac1 Nf6 25. Red1 Nd5 26. Qxf7 Nxc3 27. Qxc4
bxc4 28. Rxc3 cxd4 29. Rxc4+ Kd8 30. Rcxd4 Kc7 31. Rxd6 exd6 32. Bxg6 Rh6 33.
Be4 h4 34. a4 Re6 35. f3 Kb6 36. Rd5 a5 37. Rh5 1-0

[Event "AUTO-ADV-4786"]
[Site "http://www.queenalice.com/game.php?id=1836030"]
[Date "2024.5.1"]
[Round "1"]
[White "SGF"]
[Black "Ricktado"]
[Result "0-1"]
[WhiteElo "1788"]
[BlackElo "1840"]

1. e4 d5 2. Qf3 d4 3. Bc4 c5 4. Qxf7+ Kd7 5. Bb5+ Nc6 6. Qd5+ Kc7 7. Qxc5 e5 8.
Qc4 a6 9. Bxc6 bxc6 10. Nf3 Bd6 11. d3 a5 12. Ng5 Qe8 13. Nf7 a4 14. Nxh8 Be6
15. Na3 Bxc4 16. Nxc4 Ne7 17. Nxd6 Kxd6 18. Bd2 Nc8 19. O-O Qxh8 20. f4 exf4 21.
Rxf4 Ne7 22. Re1 c5 23. e5+ Kc6 24. e6 Rb8 25. b3 a3 26. Rf7 Rb7 27. Bg5 Kd6 28.
Bf4+ Kc6 29. g4 Qe8 30. Rxg7 Nd5 31. Rxb7 Kxb7 32. Bd6 Kc6 33. Bg3 Nc3 34. e7
Nxa2 35. Bb8 Kb7 36. Bd6 Kc6 37. Bf4 Nb4 38. Re6+ Kb5 39. Bg5 a2 40. Re1 Nxc2
41. Rc1 a1=Q 42. Rxa1 Nxa1 43. h4 Nxb3 44. Bf6 Nc1 45. g5 Nxd3 46. h5 Nf4 47. g6
Nxg6 48. hxg6 hxg6 49. Kg2 d3 50. Kf2 c4 51. Ke3 Kb4 52. Kd2 Kb3 53. Kc1 c3 54.
Kb1 d2 55. Bxc3 Kxc3 56. Ka2 d1=Q 57. Ka3 Qb3# 0-1

[Event "AUTO-ADV-4786"]
[Site "http://www.queenalice.com/game.php?id=1836031"]
[Date "2024.5.1"]
[Round "1"]
[White "Ricktado"]
[Black "SGF"]
[Result "1-0"]
[WhiteElo "1854"]
[BlackElo "1774"]

1. d4 e6 2. e4 Qf6 3. e5 Qg6 4. g4 Bb4+ 5. c3 Ba5 6. b4 Bb6 7. h4 Qe4+ 8. Kd2
Qxh1 9. Nf3 h6 10. Ke1 Ne7 11. h5 Nd5 12. a3 a5 13. c4 Nc3 14. Nxc3 axb4 15. Ne4
Bxd4 16. Ng3 Qxf3 17. Qxf3 Bxa1 18. axb4 Bxe5 19. Ne2 Ra1 20. Kd2 Ra2+ 21. Kd1
O-O 22. Qb3 Ra1 23. f4 Bf6 24. Kc2 Nc6 25. Bg2 d5 26. c5 b6 27. b5 Nd4+ 28. Nxd4
Bxd4 29. c6 f5 30. gxf5 Rxf5 31. Qd3 Rxf4 32. Bxf4 Ra2+ 33. Kd1 Rxg2 34. Qxd4
Rg4 35. Qe5 Kh7 36. Qxc7 e5 37. Bxe5 Bf5 38. Qxb6 Rg5 39. Qb7 Bg4+ 40. Kd2 Rxe5
41. c7 Rxh5 42. c8=Q Bxc8 43. Qxc8 d4 44. b6 Rh2+ 45. Kd3 Rb2 46. b7 h5 47. b8=Q
Rxb8 48. Qxb8 Kh6 49. Qd6+ g6 50. Qf4+ g5 51. Qf6+ Kh7 52. Qxg5 h4 53. Qxh4+ Kg6
54. Kxd4 Kf7 55. Qe4 Kf6 56. Kd5 Kg5 57. Ke5 Kh6 58. Qg4 Kh7 59. Kf6 Kh8 60.
Qg7# 1-0

[Event "AUTO-ADV-4786"]
[Site "http://www.queenalice.com/game.php?id=1836048"]
[Date "2024.5.1"]
[Round "1"]
[White "matamuff"]
[Black "Ricktado"]
[Result "1-0"]
[WhiteElo "1829"]
[BlackElo "1851"]

1. Nf3 d5 2. g3 d4 3. Bg2 Nc6 4. O-O e5 5. a3 e4 6. Ne1 f5 7. d3 Nf6 8. e3 dxe3
9. Bxe3 Ng4 10. Nc3 exd3 11. Nxd3 h6 12. Nf4 Nge5 13. Qxd8+ Nxd8 14. Bd4 Ng4 15.
Rae1+ Be6 16. Nxe6 Nxe6 17. Bxb7 Rb8 18. Bc6+ 1-0

[Event "AUTO-ADV-4786"]
[Site "http://www.queenalice.com/game.php?id=1836049"]
[Date "2024.5.1"]
[Round "1"]
[White "Ricktado"]
[Black "matamuff"]
[Result "0-1"]
[WhiteElo "1754"]
[BlackElo "1862"]

1. d4 d6 2. d5 g6 3. c4 Bg7 4. Qa4+ Qd7 5. Nc3 Qxa4 6. Nxa4 Nf6 7. f3 O-O 8. Bg5
h6 9. Bxf6 Bxf6 10. O-O-O Bd7 11. b3 Bxa4 12. bxa4 Nd7 13. f4 Nc5 14. a5 Na4 15.
e3 Nc3 16. Rd2 Ne4 17. Rc2 c6 18. dxc6 bxc6 19. Nh3 Rab8 20. Bd3 Nc5 21. Be2 Nb7
0-1

[Event "AUTO-OPEN-4525"]
[Site "http://www.queenalice.com/game.php?id=1836153"]
[Date "2024.5.2"]
[Round "1"]
[White "Pin"]
[Black "Ricktado"]
[Result "1-0"]
[WhiteElo "1990"]
[BlackElo "1785"]

1. d4 d5 2. Nf3 f6 3. e3 Bg4 4. Bd3 Bxf3 5. Qxf3 e6 6. O-O f5 7. c3 c5 8. dxc5
Bxc5 9. Nd2 Nd7 10. b4 Ne5 11. Qe2 Nxd3 12. Qxd3 Bb6 13. Bb2 Nf6 14. c4 Qd6 15.
c5 Bxc5 16. bxc5 Qxc5 17. Rfc1 Qd6 18. Qb5+ Nd7 19. Qxb7 O-O 20. Nf3 Rfb8 21.
Qc7 Rb6 22. Qxd6 Rxd6 23. Ne5 Nf6 24. f3 Rb6 25. Bd4 Rb7 26. Rab1 Rxb1 27. Rxb1
g6 28. Kf2 a5 29. a4 1-0

[Event "AUTO-OPEN-4525"]
[Site "http://www.queenalice.com/game.php?id=1836154"]
[Date "2024.5.2"]
[Round "1"]
[White "Ricktado"]
[Black "Pin"]
[Result "0-1"]
[WhiteElo "1794"]
[BlackElo "1981"]

1. d4 Nf6 2. d5 g6 3. f3 Bg7 4. e4 d6 5. Bb5+ c6 6. Bc4 O-O 7. Nc3 Nbd7 8. Nh3
Ne5 9. b3 Nxc4 10. bxc4 cxd5 11. cxd5 Nd7 12. Bb2 Qc7 13. Nb5 Qa5+ 14. Bc3 Qxb5
15. Bxg7 Kxg7 16. Qd4+ Kg8 17. a4 Qc5 18. Qb2 Qe3+ 19. Kd1 Ne5 20. Re1 Qc5 21.
Nf4 b6 22. h4 h5 23. Ra3 Bd7 24. Rc3 Qa5 25. Nh3 Rac8 26. Rb3 Rc5 27. f4 Bg4+
28. Re2 Bxe2+ 29. Kxe2 Nc4 0-1

[Event "AUTO-OPEN-4525"]
[Site "http://www.queenalice.com/game.php?id=1836177"]
[Date "2024.5.2"]
[Round "1"]
[White "SGF"]
[Black "Ricktado"]
[Result "0-1"]
[WhiteElo "1828"]
[BlackElo "1802"]

1. e4 d5 2. Qf3 d4 3. d3 e5 4. Be2 h5 5. h4 f6 6. Qg3 Ne7 7. Nf3 Bg4 8. a4 Nbc6
9. c3 Bxf3 10. Bxf3 a5 11. b3 dxc3 12. Nxc3 Nd4 13. Bd1 Qd7 14. Be3 O-O-O 15.
Bxd4 Qxd4 16. Rc1 Qb4 17. O-O Rh6 18. Nb5 c6 19. Rc4 Qd2 20. Kh2 Rg6 21. Qh3+
Kb8 22. Bxh5 cxb5 23. axb5 Rxd3 24. f3 Qf4+ 25. Kh1 Rg3 26. Qe6 Qxh4+ 27. Kg1
Rxg2+ 28. Kxg2 Rd2+ 29. Kg1 Qg3+ 30. Kh1 Qh2# 0-1

[Event "AUTO-OPEN-4525"]
[Site "http://www.queenalice.com/game.php?id=1836178"]
[Date "2024.5.2"]
[Round "1"]
[White "Ricktado"]
[Black "SGF"]
[Result "1-0"]
[WhiteElo "1825"]
[BlackElo "1803"]

1. d4 e6 2. d5 Qf6 3. Nf3 d6 4. Nc3 a6 5. dxe6 Bxe6 6. Nd5 Bxd5 7. Qxd5 c6 8.
Qa5 b5 9. c3 Be7 10. Qc7 h6 11. Qb7 Nd7 12. Qxa8+ Bd8 13. Qxc6 Ne7 14. Qxa6 O-O
15. Qxb5 Nc5 16. Nd4 Ne4 17. Be3 g5 18. Nc6 Nxc6 19. Qxc6 Be7 20. Qxe4 Qe5 21.
Qb4 d5 22. Bc5 Bxc5 23. Qxc5 Rb8 24. O-O-O Qf4+ 25. Kb1 Qe4+ 26. Rd3 Rd8 27. f3
Qe6 28. c4 Rb8 29. cxd5 Qf6 30. b3 Qf5 31. g4 Qd7 32. h4 gxh4 33. Rxh4 Rb5 34.
Qc6 Qxc6 35. dxc6 Rc5 36. Rxh6 Kg7 37. b4 Rb5 38. Rh5 Rb6 39. Rb3 Rxc6 40. b5
Rb6 41. e4 f6 42. Bc4 Kg6 43. a4 Rd6 44. Rd3 Rxd3 45. Bxd3 Kg7 46. b6 Kf7 47.
Rd5 Ke7 48. b7 Ke6 49. b8=Q Kf7 50. a5 Kg6 51. e5+ Kf7 52. Rd7+ Ke6 53. Bf5# 1-0

[Event "AUTO-OPEN-4525"]
[Site "http://www.queenalice.com/game.php?id=1836191"]
[Date "2024.5.2"]
[Round "1"]
[White "cerenzo72"]
[Black "Ricktado"]
[Result "1-0"]
[WhiteElo "2192"]
[BlackElo "1804"]

1. b3 c5 2. Bb2 d5 3. e3 d4 4. exd4 cxd4 5. Nf3 f6 6. Nxd4 e5 7. Nf3 a6 8. d3
Qa5+ 9. c3 Nh6 10. Nbd2 Nd7 11. Nc4 Qc5 12. d4 exd4 13. Nxd4 b5 14. Na5 Nb8 15.
g3 Qd5 16. Qe2+ Be7 17. Nf3 O-O 18. Bg2 Ra7 19. O-O Qh5 20. Qe3 Bc5 21. Qf4 Bh3
22. Rad1 g5 23. Qe4 Rd7 24. c4 b4 25. Nc6 Bxg2 26. Kxg2 Rxd1 27. Rxd1 Nxc6 28.
Qxc6 g4 29. Nh4 Nf5 30. Qe6+ Rf7 31. Nxf5 Bb6 32. Qe8+ 1-0

[Event "AUTO-OPEN-4525"]
[Site "http://www.queenalice.com/game.php?id=1836192"]
[Date "2024.5.2"]
[Round "1"]
[White "Ricktado"]
[Black "cerenzo72"]
[Result "1-0"]
[WhiteElo "1811"]
[BlackElo "2172"]

1. d4 Nf6 2. f3 e6 3. e4 b6 4. e5 Nd5 5. Bd2 Bb7 6. Bc4 c5 7. Nc3 cxd4 8. Bxd5
exd5 9. Nb5 Nc6 10. f4 d6 11. Nf3 dxe5 12. fxe5 a6 13. Nbxd4 Bc5 14. Nxc6 Bxc6
15. b4 Be7 16. a3 Bh4+ 17. g3 Be7 18. Nd4 Bb7 19. e6 Bf6 20. exf7+ Kxf7 21. O-O
Rf8 22. Qg4 Bc8 23. Qh5+ Kg8 24. c3 Bd7 25. Qxd5+ Kh8 26. Bg5 b5 27. Bxf6 gxf6
28. Ne6 Qb6+ 29. Nc5 Rad8 30. Qb7 Qxb7 31. Nxb7 Rde8 32. Nc5 Bc8 33. a4 Re3 34.
Rfc1 Rd8 35. axb5 axb5 36. Ra8 Rde8 37. Nb3 Kg7 38. Nd4 R3e5 39. Rb8 Bd7 40. Rb7
R8e7 41. Rf1 Kg6 42. Rb6 Rf7 43. Nf3 Re3 44. Nh4+ Kg7 45. Rc1 f5 46. Ng2 Re2 47.
c4 bxc4 48. Rxc4 Rfe7 49. Rc7 Rd2 50. Rc1 Ree2 51. Nf4 Rxh2 52. Rb7 Kf6 53. Rxd7
Rxd7 54. Kxh2 Rd2+ 55. Kh3 Rb2 56. Rc6+ Kg5 57. Ne6+ Kh5 58. Rc4 h6 59. Nd4 Kg5
60. b5 h5 61. Nf3+ Kf6 62. Rc6+ Ke7 63. b6 Kd7 64. Ne5+ Ke7 65. Nc4 Rb5 66. Nd6
Kd7 67. Nxb5 Kxc6 68. Nd4+ Kxb6 69. Nxf5 Kc6 70. Kh4 Kd5 71. Kxh5 Ke5 72. Nh4
Kf6 73. g4 Kg7 74. g5 Kh7 75. g6+ Kg7 76. Ng2 Kh8 77. Kh6 Kg8 78. g7 1-0

[Event "AUTO-ADV-4787"]
[Site "http://www.queenalice.com/game.php?id=1836257"]
[Date "2024.5.4"]
[Round "1"]
[White "Capixabba789"]
[Black "Ricktado"]
[Result "1-0"]
[WhiteElo "1882"]
[BlackElo "1765"]

1. d4 d5 2. Nc3 c6 3. f4 h6 4. Nf3 f6 5. e3 g5 6. Bd3 g4 7. Bg6+ Kd7 8. Nh4 e6
9. f5 exf5 10. Bxf5+ Kd6 11. Qxg4 h5 12. Qf4+ Ke7 13. Ng6+ Kf7 14. Nxh8+ Kg7 15.
Ng6 Bd6 16. Qf3 Nh6 17. Bd3 Bg4 18. Qf2 f5 19. Ne5 Bxe5 20. dxe5 Nd7 21. e6 1-0

[Event "AUTO-ADV-4787"]
[Site "http://www.queenalice.com/game.php?id=1836258"]
[Date "2024.5.4"]
[Round "1"]
[White "Ricktado"]
[Black "Capixabba789"]
[Result "0-1"]
[WhiteElo "1777"]
[BlackElo "1870"]

1. d4 d5 2. e3 Nf6 3. f3 e6 4. Bd3 Be7 5. e4 dxe4 6. Bxe4 Nxe4 7. fxe4 O-O 8. e5
Nc6 9. c3 f5 10. exf6 Bxf6 11. h4 Bxh4+ 12. Ke2 Rf2+ 13. Kd3 Ne5+ 14. Ke4 Qf8
15. dxe5 Qf5+ 16. Kd4 c5+ 17. Kc4 Qe4+ 18. Kxc5 Qxe5+ 0-1

[Event "AUTO-ADV-4787"]
[Site "http://www.queenalice.com/game.php?id=1836275"]
[Date "2024.5.4"]
[Round "1"]
[White "Ricktado"]
[Black "maurice916"]
[Result "0-1"]
[WhiteElo "1867"]
[BlackElo "1867"]

1. d4 d5 2. f3 f5 3. Nc3 Nf6 4. h3 e6 5. Bg5 c5 6. e3 Nc6 7. Bb5 Bd7 8. Na4 cxd4
9. exd4 Qa5+ 10. Nc3 Bb4 11. a4 Bxc3+ 12. bxc3 Qxc3+ 13. Bd2 Qxd4 14. c3 Qh4+
15. Kf1 a6 16. Be1 Qf4 17. Ne2 Qc7 18. Bxc6 bxc6 19. Nd4 Rb8 20. Rb1 O-O 21. g4
fxg4 22. hxg4 Rxb1 23. Qxb1 g6 24. g5 Ne4 25. Qd3 Nxg5 26. Kg2 c5 27. Ne2 Nxf3
28. Bg3 Qc6 29. a5 d4 30. Qd1 Ng5+ 31. Kh2 Nf3+ 32. Kg2 Nd2+ 33. Kh2 dxc3 34.
Nxc3 Nf3+ 0-1

[Event "AUTO-ADV-4787"]
[Site "http://www.queenalice.com/game.php?id=1836276"]
[Date "2024.5.4"]
[Round "1"]
[White "maurice916"]
[Black "Ricktado"]
[Result "1-0"]
[WhiteElo "1850"]
[BlackElo "1841"]

1. Nf3 f6 2. b3 e5 3. Bb2 d5 4. d4 e4 5. Ng1 g5 6. e3 g4 7. h4 h5 8. g3 c5 9.
dxc5 Bxc5 10. Bb5+ Bd7 11. Bxd7+ Qxd7 12. Ne2 Nc6 13. Nf4 Ne5 14. Bxe5 fxe5 15.
Nxd5 Rd8 16. c4 b5 17. Nd2 Ne7 18. Nxe4 Bb4+ 19. Nxb4 Qf5 20. Nd6+ Rxd6 21. Qxd6
e4 22. Qb8+ Nc8 23. Nd5 O-O 24. O-O bxc4 25. bxc4 Qf7 26. Qb3 Nd6 27. Rac1 Rc8
28. c5 Nf5 29. Nf4 Kh8 30. Qc4 Qd7 31. Rfd1 Qe8 32. Qd5 1-0

[Event "AUTO-ADV-4787"]
[Site "http://www.queenalice.com/game.php?id=1836277"]
[Date "2024.5.4"]
[Round "1"]
[White "Ricktado"]
[Black "pomar"]
[Result "0-1"]
[WhiteElo "1805"]
[BlackElo "1935"]

1. d4 e6 2. e4 d5 3. e5 c5 4. c3 Qb6 5. Nf3 Nc6 6. dxc5 Bxc5 7. Qd2 Nge7 8. b4
Nxb4 9. cxb4 Bxb4 10. Nc3 Bd7 11. Nd4 Qa5 12. Bb2 Rc8 13. Nde2 d4 14. O-O-O dxc3
15. Qxd7+ Kf8 16. Qd3 cxb2+ 17. Kxb2 Qb6 18. Qg3 Ng6 19. a3 Bc3+ 20. Kc2 Bxe5+
0-1